[Event "ODJM A 2019"]
[Site "Willingen GER"]
[Date "2019.06.14"]
[Round "8"]
[White "Wanner, Lukas"]
[Black "Dette, Jan"]
[Result "1/2-1/2"]
[Termination "normal"]
[Board "8"]
[WhiteElo "2099"]
[BlackElo "2116"]
[WhiteClock "00:37:41"]
[BlackClock "00:21:10"]
[PlyCount "95"]
[WhiteFideId "12918148"]
[BlackFideId "12936677"]
[EventCountry "GER"]
[EventRounds "9"]
[EventType "swiss"]
[EventDate "2019.06.08"]

1. c4 {[%clk 1:30:58]} 1... c5 {[%clk 1:30:55]} 2. g3 {[%clk 1:31:23]} 2... Nc6
{[%clk 1:31:22]} 3. Bg2 {[%clk 1:31:46]} 3... g6 {[%clk 1:31:47]} 4. Nc3 {
[%clk 1:32:10]} 4... Bg7 {[%clk 1:32:14]} 5. a3 {[%clk 1:32:15]} 5... d6 {
[%clk 1:32:37]} 6. Rb1 {[%clk 1:31:19]} 6... a5 {[%clk 1:33:01]} 7. Nf3 { [%clk
1:30:23]} 7... e5 {[%clk 1:30:41]} 8. O-O {[%clk 1:29:34]} 8... Nge7 { [%clk
1:30:38]} 9. d3 {[%clk 1:28:49]} 9... O-O {[%clk 1:30:52]} 10. Bg5 { [%clk
1:25:08]} 10... f6 {[%clk 1:31:16]} 11. Bd2 {[%clk 1:22:29]} 11... Be6 { [%clk
1:30:57]} 12. Na4 {[%clk 1:13:30]} 12... Rb8 {[%clk 1:16:52]} 13. Qc2 { [%clk
1:00:41]} 13... b5 {[%clk 1:14:01]} 14. cxb5 {[%clk 1:00:16]} 14... Rxb5 {[%clk
1:14:25]} 15. Nc3 {[%clk 0:55:04]} 15... Rb6 {[%clk 1:01:44]} 16. Qc1 { [%clk
0:44:46]} 16... Qd7 {[%clk 0:55:16]} 17. Bh6 {[%clk 0:37:20]} 17... Bxh6 {[%clk
0:49:54]} 18. Qxh6 {[%clk 0:37:45]} 18... Nd4 {[%clk 0:29:56]} 19. Qd2 { [%clk
0:34:27]} 19... Nb3 {[%clk 0:30:21]} 20. Qd1 {[%clk 0:33:32]} 20... d5 { [%clk
0:27:00]} 21. Nd2 {[%clk 0:31:22]} 21... Rfb8 {[%clk 0:25:36]} 22. a4 { [%clk
0:24:08]} 22... Nd4 {[%clk 0:20:55]} 23. e3 {[%clk 0:20:47]} 23... Ndf5 { [%clk
0:19:29]} 24. Nb5 {[%clk 0:17:52]} 24... Nd6 {[%clk 0:19:33]} 25. Nxd6 { [%clk
0:17:50]} 25... Qxd6 {[%clk 0:19:58]} 26. Qc2 {[%clk 0:17:27]} 26... Rb4 {[%clk
0:14:26]} 27. Rfc1 {[%clk 0:15:15]} 27... Rc8 {[%clk 0:14:48]} 28. Nb3 { [%clk
0:08:51]} 28... c4 {[%clk 0:14:13]} 29. dxc4 {[%clk 0:08:02]} 29... Rcxc4
{[%clk 0:11:25]} 30. Qd1 {[%clk 0:08:15]} 30... Rxc1 {[%clk 0:11:12]} 31. Rxc1
{[%clk 0:08:34]} 31... Rxa4 {[%clk 0:04:51]} 32. Nd4 {[%clk 0:07:41]} 32... Rb4
{[%clk 0:02:49]} 33. Nxe6 {[%clk 0:07:35]} 33... Qxe6 {[%clk 0:03:14]} 34. Rc5
{[%clk 0:07:43]} 34... Rxb2 {[%clk 0:03:18]} 35. Rxa5 {[%clk 0:04:32]} 35...
Qb6 {[%clk 0:00:46]} 36. Bxd5+ {[%clk 0:04:13]} 36... Kg7 {[%clk 0:01:08]} 37.
Ra1 {[%clk 0:04:37]} 37... Nxd5 {[%clk 0:01:34]} 38. Qxd5 {[%clk 0:05:01]}
38... Rb1+ {[%clk 0:01:47]} 39. Rxb1 {[%clk 0:05:26]} 39... Qxb1+ { [%clk
0:02:13]} 40. Kg2 {[%clk 0:05:52]} 40... Qb6 {[%clk 0:02:09]} 41. h4 { [%clk
0:06:13]} 41... Qc7 {[%clk 0:27:13]} 42. Qe6 {[%clk 0:36:59]} 42... Qb7+ {[%clk
0:21:05]} 43. Kh2 {[%clk 0:37:20]} 43... Qf3 {[%clk 0:20:53]} 44. Qe7+ { [%clk
0:37:41]} 44... Kg8 {[%clk 0:20:43]} 45. Kg1 {[%clk 0:38:03]} 45... e4 { [%clk
0:20:22]} 46. Qe8+ {[%clk 0:36:53]} 46... Kg7 {[%clk 0:20:45]} 47. Qe7+ { [%clk
0:37:17]} 47... Kg8 {[%clk 0:21:10]} 48. Qe8+ {[%clk 0:37:41]} 1/2-1/2

[Event "ODJM A 2019"]
[Site "Willingen GER"]
[Date "2019.06.14"]
[Round "8"]
[White "Hartmann, Jakob"]
[Black "Beesk, Kevin"]
[Result "1-0"]
[Termination "normal"]
[Board "9"]
[WhiteElo "2144"]
[BlackElo "1935"]
[WhiteClock "00:23:43"]
[BlackClock "00:32:57"]
[PlyCount "85"]
[WhiteFideId "12918067"]
[BlackFideId "1271882"]
[EventCountry "GER"]
[EventRounds "9"]
[EventType "swiss"]
[EventDate "2019.06.08"]

1. e4 {[%clk 1:30:49]} 1... c5 {[%clk 1:30:53]} 2. Nf3 {[%clk 1:30:53]} 2... e6
{[%clk 1:31:16]} 3. d4 {[%clk 1:31:00]} 3... cxd4 {[%clk 1:31:41]} 4. Nxd4 {
[%clk 1:31:23]} 4... Nc6 {[%clk 1:32:08]} 5. Nc3 {[%clk 1:30:39]} 5... Qc7 {
[%clk 1:32:32]} 6. Be3 {[%clk 1:30:36]} 6... a6 {[%clk 1:32:55]} 7. Qf3 { [%clk
1:28:40]} 7... Bd6 {[%clk 1:33:19]} 8. O-O-O {[%clk 1:22:07]} 8... Be5 { [%clk
1:33:30]} 9. g3 {[%clk 1:18:09]} 9... Nf6 {[%clk 1:24:22]} 10. Qe2 { [%clk
1:10:34]} 10... d6 {[%clk 1:24:41]} 11. Bg2 {[%clk 1:07:26]} 11... Bd7 { [%clk
1:21:18]} 12. Kb1 {[%clk 1:01:28]} 12... O-O {[%clk 1:08:36]} 13. f4 { [%clk
0:54:06]} 13... Nxd4 {[%clk 1:08:49]} 14. Bxd4 {[%clk 0:52:44]} 14... Bxd4
{[%clk 1:09:12]} 15. Rxd4 {[%clk 0:53:09]} 15... Bc6 {[%clk 0:57:48]} 16. Rhd1
{[%clk 0:47:20]} 16... Rfd8 {[%clk 0:57:09]} 17. Qd2 {[%clk 0:45:39]} 17... Ne8
{[%clk 0:55:52]} 18. g4 {[%clk 0:41:32]} 18... b5 {[%clk 0:49:12]} 19. g5
{[%clk 0:36:04]} 19... Qb7 {[%clk 0:40:04]} 20. h4 {[%clk 0:29:51]} 20... Rdb8
{[%clk 0:38:39]} 21. Qe3 {[%clk 0:26:09]} 21... a5 {[%clk 0:37:54]} 22. Ne2
{[%clk 0:22:32]} 22... b4 {[%clk 0:37:18]} 23. h5 {[%clk 0:20:48]} 23... a4
{[%clk 0:37:00]} 24. h6 {[%clk 0:19:07]} 24... b3 {[%clk 0:28:28]} 25. cxb3
{[%clk 0:17:55]} 25... a3 {[%clk 0:26:59]} 26. Nc1 {[%clk 0:12:52]} 26... axb2
{[%clk 0:21:41]} 27. Kxb2 {[%clk 0:13:04]} 27... Nc7 {[%clk 0:21:53]} 28. Rxd6
{[%clk 0:08:59]} 28... Nb5 {[%clk 0:21:49]} 29. R6d2 {[%clk 0:07:54]} 29... Qa6
{[%clk 0:21:03]} 30. Ka1 {[%clk 0:07:28]} 30... Qa3 {[%clk 0:17:03]} 31. hxg7
{[%clk 0:05:53]} 31... Qb4 {[%clk 0:16:24]} 32. Rc2 {[%clk 0:03:57]} 32... Ra6
{[%clk 0:16:47]} 33. Rc4 {[%clk 0:03:19]} 33... Qa3 {[%clk 0:16:12]} 34. Qc5
{[%clk 0:03:20]} 34... Rba8 {[%clk 0:12:26]} 35. Qxa3 {[%clk 0:02:54]} 35...
Nxa3 {[%clk 0:12:54]} 36. Rc5 {[%clk 0:01:54]} 36... Nb5 {[%clk 0:08:54]} 37.
Bf1 {[%clk 0:01:50]} 37... Rb8 {[%clk 0:08:43]} 38. Kb2 {[%clk 0:00:59]} 38...
Rab6 {[%clk 0:08:49]} 39. Bg2 {[%clk 0:00:42]} 39... Kxg7 {[%clk 0:06:47] } 40.
Ne2 {[%clk 0:00:41]} 40... Ba8 {[%clk 0:04:14]} 41. Ng3 {[%clk 0:25:04]} 41...
Na7 {[%clk 0:32:50]} 42. Nh5+ {[%clk 0:24:27]} 42... Kg6 {[%clk 0:32:57]} 43.
Nf6 {[%clk 0:23:43]} 1-0

[Event "ODJM A 2019"]
[Site "Willingen GER"]
[Date "2019.06.14"]
[Round "8"]
[White "Weber, Jannis"]
[Black "Korten, Lando"]
[Result "1/2-1/2"]
[Termination "normal"]
[Board "11"]
[WhiteElo "1889"]
[BlackElo "2127"]
[WhiteClock "00:29:27"]
[BlackClock "00:24:11"]
[PlyCount "81"]
[WhiteFideId "12990760"]
[BlackFideId "12989606"]
[EventCountry "GER"]
[EventRounds "9"]
[EventType "swiss"]
[EventDate "2019.06.08"]

1. e4 {[%clk 1:30:43]} 1... Nf6 {[%clk 1:30:55]} 2. Nc3 {[%clk 1:31:04]} 2...
d5 {[%clk 1:30:29]} 3. e5 {[%clk 1:27:26]} 3... d4 {[%clk 1:30:53]} 4. exf6 {
[%clk 1:27:33]} 4... dxc3 {[%clk 1:31:18]} 5. fxg7 {[%clk 1:26:43]} 5... cxd2+
{[%clk 1:31:39]} 6. Qxd2 {[%clk 1:26:35]} 6... Qxd2+ {[%clk 1:31:37]} 7. Bxd2 {
[%clk 1:26:57]} 7... Bxg7 {[%clk 1:32:03]} 8. O-O-O {[%clk 1:25:11]} 8... O-O {
[%clk 1:30:41]} 9. Ne2 {[%clk 1:11:46]} 9... Rd8 {[%clk 1:21:04]} 10. Nc3 {
[%clk 1:03:01]} 10... Be6 {[%clk 1:06:48]} 11. Be2 {[%clk 0:48:26]} 11... c6 {
[%clk 1:00:40]} 12. Ne4 {[%clk 0:42:31]} 12... Nd7 {[%clk 0:58:22]} 13. Bc3 {
[%clk 0:42:24]} 13... Bxc3 {[%clk 0:54:44]} 14. Nxc3 {[%clk 0:42:52]} 14... Ne5
{[%clk 0:55:10]} 15. Ne4 {[%clk 0:40:19]} 15... Bd5 {[%clk 0:54:23]} 16. Nc3 {
[%clk 0:39:08]} 16... Be6 {[%clk 0:54:12]} 17. Ne4 {[%clk 0:39:11]} 17... b6 {
[%clk 0:48:15]} 18. f4 {[%clk 0:36:02]} 18... Nc4 {[%clk 0:44:55]} 19. Bf3 {
[%clk 0:33:52]} 19... Bd5 {[%clk 0:42:47]} 20. Rhe1 {[%clk 0:30:30]} 20... Kf8
{[%clk 0:39:30]} 21. b3 {[%clk 0:28:18]} 21... Nd6 {[%clk 0:39:21]} 22. c4 {
[%clk 0:26:35]} 22... Bxe4 {[%clk 0:38:16]} 23. Bxe4 {[%clk 0:26:57]} 23...
Nxe4 {[%clk 0:38:43]} 24. Rxe4 {[%clk 0:27:19]} 24... Rxd1+ {[%clk 0:39:06]}
25. Kxd1 {[%clk 0:27:44]} 25... Rd8+ {[%clk 0:39:33]} 26. Ke2 {[%clk 0:27:16]}
26... e6 {[%clk 0:39:59]} 27. Re3 {[%clk 0:24:38]} 27... Rd4 {[%clk 0:34:02]}
28. g3 {[%clk 0:22:40]} 28... Kg7 {[%clk 0:32:20]} 29. Rd3 {[%clk 0:21:41]}
29... Rxd3 {[%clk 0:25:38]} 30. Kxd3 {[%clk 0:22:06]} 30... h5 {[%clk 0:26:04]}
31. Ke4 {[%clk 0:19:39]} 31... f6 {[%clk 0:25:01]} 32. b4 {[%clk 0:16:51]}
32... Kf7 {[%clk 0:23:07]} 33. a4 {[%clk 0:10:11]} 33... Ke7 {[%clk 0:22:52]}
34. c5 {[%clk 0:09:57]} 34... bxc5 {[%clk 0:22:54]} 35. bxc5 {[%clk 0:10:22]}
35... a5 {[%clk 0:23:21]} 36. h3 {[%clk 0:08:37]} 36... Kf7 {[%clk 0:22:49]}
37. g4 {[%clk 0:06:15]} 37... hxg4 {[%clk 0:23:14]} 38. hxg4 {[%clk 0:06:32]}
38... Kg6 {[%clk 0:23:31]} 39. g5 {[%clk 0:01:31]} 39... e5 {[%clk 0:23:47]}
40. gxf6 {[%clk 0:00:36]} 40... exf4 {[%clk 0:24:11]} 41. Kf3 {[%clk 0:29:27]}
1/2-1/2

[Event "ODJM A 2019"]
[Site "Willingen GER"]
[Date "2019.06.14"]
[Round "8"]
[White "Leser, Katrin"]
[Black "Schimnatkowski, Lukas"]
[Result "0-1"]
[Termination "normal"]
[Board "12"]
[WhiteElo "2036"]
[BlackElo "2128"]
[WhiteClock "00:00:33"]
[BlackClock "00:15:55"]
[PlyCount "62"]
[WhiteFideId "12997692"]
[BlackFideId "12936723"]
[EventCountry "GER"]
[EventRounds "9"]
[EventType "swiss"]
[EventDate "2019.06.08"]

1. e4 {[%clk 1:30:57]} 1... c5 {[%clk 1:30:42]} 2. Nf3 {[%clk 1:31:19]} 2... e6
{[%clk 1:30:11]} 3. d4 {[%clk 1:31:44]} 3... cxd4 {[%clk 1:30:38]} 4. Nxd4 {
[%clk 1:32:10]} 4... Nf6 {[%clk 1:30:23]} 5. Bd3 {[%clk 1:31:14]} 5... d6 {
[%clk 1:30:32]} 6. O-O {[%clk 1:31:11]} 6... Be7 {[%clk 1:30:50]} 7. Qe2 {
[%clk 1:30:32]} 7... Nbd7 {[%clk 1:30:31]} 8. c4 {[%clk 1:28:34]} 8... a6 {
[%clk 1:30:49]} 9. b3 {[%clk 1:26:13]} 9... Qc7 {[%clk 1:30:32]} 10. Bb2 {
[%clk 1:25:43]} 10... b6 {[%clk 1:30:52]} 11. f4 {[%clk 1:23:09]} 11... Bb7 {
[%clk 1:30:50]} 12. Nc3 {[%clk 1:23:13]} 12... O-O {[%clk 1:23:28]} 13. Rae1 {
[%clk 1:22:07]} 13... Rfd8 {[%clk 1:23:04]} 14. Kh1 {[%clk 1:20:56]} 14... Bf8
{[%clk 1:20:07]} 15. Nf3 {[%clk 1:19:19]} 15... Nc5 {[%clk 1:07:46]} 16. Bb1 {
[%clk 1:18:00]} 16... d5 {[%clk 1:07:47]} 17. e5 {[%clk 0:51:51]} 17... Nfe4 {
[%clk 1:06:12]} 18. Nxe4 {[%clk 0:46:53]} 18... dxe4 {[%clk 1:03:28]} 19. Ng5 {
[%clk 0:44:18]} 19... Nd3 {[%clk 0:46:38]} 20. Rd1 {[%clk 0:40:43]} 20... Qc6 {
[%clk 0:42:41]} 21. Bxd3 {[%clk 0:09:00]} 21... exd3 {[%clk 0:40:32]} 22. Qf2 {
[%clk 0:07:31]} 22... b5 {[%clk 0:33:42]} 23. a3 {[%clk 0:02:07]} 23... bxc4 {
[%clk 0:32:50]} 24. bxc4 {[%clk 0:02:32]} 24... h6 {[%clk 0:28:17]} 25. Nxf7 {
[%clk 0:01:51]} 25... Kxf7 {[%clk 0:27:52]} 26. f5 {[%clk 0:02:16]} 26... Kg8 {
[%clk 0:21:49]} 27. f6 {[%clk 0:02:37]} 27... g6 {[%clk 0:21:33]} 28. f7+ {
[%clk 0:02:22]} 28... Kh7 {[%clk 0:21:56]} 29. Qg3 {[%clk 0:02:09]} 29... d2 {
[%clk 0:18:50]} 30. Bc3 {[%clk 0:01:23]} 30... Qxc4 {[%clk 0:17:57]} 31. Rf2 {
[%clk 0:00:33]} 31... Rd3 {[%clk 0:15:55]} 0-1

[Event "ODJM A 2019"]
[Site "Willingen GER"]
[Date "2019.06.14"]
[Round "8"]
[White "Biermann, Lenhard"]
[Black "Mainka, Alwin"]
[Result "1-0"]
[Termination "normal"]
[Board "16"]
[WhiteElo "2069"]
[BlackElo "1833"]
[WhiteClock "00:06:38"]
[BlackClock "00:12:48"]
[PlyCount "85"]
[WhiteFideId "12970077"]
[BlackFideId "16241177"]
[EventCountry "GER"]
[EventRounds "9"]
[EventType "swiss"]
[EventDate "2019.06.08"]

1. c4 Nf6 2. g3 g6 3. Bg2 d5 4. cxd5 Nxd5 5. Qb3 Nb6 6. Qc3 f6 7. Nf3 Bg7 8. d4
O-O 9. O-O Nc6 10. Rd1 f5 11. Qb3+ e6 12. Nc3 Kh8 13. Bg5 Qe8 14. Bf4 Qf7 15.
Nb5 Nd5 16. Ng5 Qe7 17. Bxd5 exd5 18. Nxc7 h6 19. Nf3 g5 20. Nxd5 Qd8 21. Bc7
Qe8 22. Bd6 Be6 23. Bxf8 Qxf8 24. Rac1 Rd8 25. Qxb7 Bxd5 26. Rxc6 Qe8 27. Ne5
Bxc6 28. Qxc6 Bxe5 29. Qxe8+ Rxe8 30. dxe5 Rxe5 31. e3 Re7 32. Rd6 Kg7 33. Kf1
Rc7 34. Ra6 Rc1+ 35. Kg2 Rc7 36. h4 g4 37. h5 Rf7 38. b3 Kh7 39. Kf1 Kg7 40. b4
Kh7 41. a4 Rc7 42. b5 Rb7 43. Rf6 1-0

[Event "ODJM A 2019"]
[Site "Willingen GER"]
[Date "2019.06.14"]
[Round "8"]
[White "Hofmann, Lorenz"]
[Black "Gerlach, Felix"]
[Result "0-1"]
[Termination "normal"]
[Board "17"]
[WhiteElo "2002"]
[BlackElo "2079"]
[PlyCount "62"]
[WhiteFideId "12995509"]
[BlackFideId "12957690"]
[EventCountry "GER"]
[EventRounds "9"]
[EventType "swiss"]
[EventDate "2019.06.08"]

1. e4 e5 2. Bc4 Nf6 3. Nc3 Nc6 4. Nf3 Nxe4 5. Nxe4 d5 6. Bb5 dxe4 7. Nxe5 Qg5
8. d4 Qxg2 9. Rf1 a6 10. Ba4 b5 11. Nxc6 bxa4 12. Bf4 Bh3 13. Qe2 Qxf1+ 14.
Qxf1 Bxf1 15. Kxf1 Bd6 16. Bxd6 cxd6 17. d5 Kd7 18. Rd1 Rhe8 19. Rd4 a3 20. b3
e3 21. Ke2 exf2+ 22. Kxf2 f5 23. Rf4 g5 24. Ra4 Re4 25. Rxa3 g4 26. b4 f4 27.
b5 Rae8 28. Nd4 Rxd4 29. bxa6 Rd2+ 30. Kf1 Rxc2 31. a7 Rcc8 0-1

[Event "ODJM A 2019"]
[Site "Willingen GER"]
[Date "2019.06.14"]
[Round "8"]
[White "Müller, Magnus"]
[Black "Lohr, Maximilian"]
[Result "1-0"]
[Termination "normal"]
[Board "18"]
[WhiteElo "1837"]
[BlackElo "1981"]
[PlyCount "91"]
[WhiteFideId "16230060"]
[BlackFideId "12999717"]
[EventCountry "GER"]
[EventRounds "9"]
[EventType "swiss"]
[EventDate "2019.06.08"]

1. Nf3 g6 2. e4 Bg7 3. d4 d6 4. Nc3 Nd7 5. Bc4 h6 6. Qd3 c6 7. a4 e5 8. Be3
Ngf6 9. h3 O-O 10. O-O Qe7 11. Rad1 d5 12. dxe5 Nxe4 13. Nxe4 dxc4 14. Qd6 Qxd6
15. Nxd6 Nxe5 16. Nxe5 Bxe5 17. Bxh6 Bxd6 18. Rxd6 Re8 19. Be3 Bf5 20. c3 Bd3
21. Rd1 Rad8 22. Rxd8 Rxd8 23. a5 a6 24. Rd2 Rd5 25. Bb6 Re5 26. f3 f5 27. Kf2
Kf7 28. h4 Ke6 29. Kg3 Kd5 30. Kf4 Re6 31. Kg5 c5 32. Bd8 Kc6 33. f4 Kd5 34.
Bf6 Ke4 35. Rd1 Be2 36. Rd7 b6 37. Re7 Rxe7 38. Bxe7 bxa5 39. Kxg6 Kxf4 40.
Bd6+ Ke4 41. h5 f4 42. h6 f3 43. gxf3+ Kxf3 44. h7 Bd3+ 45. Kg7 Bxh7 46. Kxh7
1-0

[Event "ODJM A 2019"]
[Site "Willingen GER"]
[Date "2019.06.14"]
[Round "8"]
[White "Paeslack, Luis"]
[Black "Reimer, Philip"]
[Result "1/2-1/2"]
[Termination "normal"]
[Board "19"]
[WhiteElo "2014"]
[BlackElo "1891"]
[PlyCount "41"]
[WhiteFideId "12987760"]
[BlackFideId "16235860"]
[EventCountry "GER"]
[EventRounds "9"]
[EventType "swiss"]
[EventDate "2019.06.08"]

1. d4 Nf6 2. c4 e6 3. Nf3 d5 4. Nc3 a6 5. cxd5 exd5 6. Bg5 Be6 7. e3 Nbd7 8.
Bd3 c6 9. Qc2 Qc7 10. Rb1 Bd6 11. b4 O-O 12. O-O Rae8 13. Bh4 h6 14. Bg3 Bxg3
15. hxg3 Bg4 16. a4 Qd6 17. Nh4 Qe6 18. Bf5 Bxf5 19. Qxf5 Qd6 20. Qf4 Qe6 21.
Nf5 1/2-1/2

[Event "ODJM A 2019"]
[Site "Willingen GER"]
[Date "2019.06.14"]
[Round "8"]
[White "Brunner, Tobias"]
[Black "Bajorski, Marius"]
[Result "0-1"]
[Termination "normal"]
[Board "21"]
[WhiteElo "2017"]
[BlackElo "1967"]
[PlyCount "56"]
[WhiteFideId "12949833"]
[BlackFideId "12938831"]
[EventCountry "GER"]
[EventRounds "9"]
[EventType "swiss"]
[EventDate "2019.06.08"]

1. e4 e6 2. d4 d5 3. exd5 exd5 4. Bd3 Nc6 5. c3 Bd6 6. h3 Nge7 7. Qc2 Be6 8.
Be3 Qd7 9. Nd2 Bf5 10. O-O-O O-O 11. g4 Bxd3 12. Qxd3 Rab8 13. Ne2 b5 14. Kb1
Na5 15. h4 Qxg4 16. Rdg1 Qf5 17. Qxf5 Nxf5 18. Rg5 Nxe3 19. fxe3 Rfe8 20. Rhg1
g6 21. Rxd5 Rxe3 22. Nc1 Nc6 23. Kc2 Ne7 24. Rdg5 f5 25. Nd3 Re8 26. R1g2 h6
27. Rxg6+ Nxg6 28. Rxg6+ Kh7 0-1

[Event "ODJM A 2019"]
[Site "Willingen GER"]
[Date "2019.06.14"]
[Round "8"]
[White "Kamp, Adrian"]
[Black "Brunner, Jan"]
[Result "1-0"]
[Termination "normal"]
[Board "22"]
[WhiteElo "1865"]
[BlackElo "2046"]
[PlyCount "63"]
[WhiteFideId "16222466"]
[BlackFideId "12981010"]
[EventCountry "GER"]
[EventRounds "9"]
[EventType "swiss"]
[EventDate "2019.06.08"]

1. e4 c5 2. d4 cxd4 3. c3 Nf6 4. e5 Nd5 5. Nf3 Nc6 6. Bc4 e6 7. cxd4 d6 8. Qe2
Be7 9. O-O O-O 10. Nc3 Nxc3 11. bxc3 dxe5 12. dxe5 Qa5 13. Bd2 Rd8 14. Rfd1 Bd7
15. Qe4 Be8 16. Bd3 g6 17. Rab1 Qc7 18. Re1 b6 19. Rbd1 Na5 20. Ng5 h6 21. Nf3
Bf8 22. Nd4 Rd5 23. h4 Bg7 24. h5 Nc6 25. hxg6 Rxe5 26. gxf7+ Qxf7 27. Qh7+ Kf8
28. Bxh6 Rxe1+ 29. Rxe1 Nxd4 30. cxd4 Bxh6 31. Qxh6+ Ke7 32. d5 1-0

[Event "ODJM A 2019"]
[Site "Willingen GER"]
[Date "2019.06.14"]
[Round "8"]
[White "Jenner, Meikel"]
[Black "Gorainow, Nikita"]
[Result "1-0"]
[Termination "normal"]
[Board "23"]
[WhiteElo "1797"]
[BlackElo "1923"]
[PlyCount "61"]
[WhiteFideId "16245342"]
[BlackFideId "12970093"]
[EventCountry "GER"]
[EventRounds "9"]
[EventType "swiss"]
[EventDate "2019.06.08"]

1. e4 c5 2. d4 cxd4 3. c3 dxc3 4. Nxc3 Nc6 5. Nf3 e6 6. Bc4 a6 7. O-O b5 8. Bb3
Bb7 9. Qe2 Nge7 10. Bg5 Na5 11. Rfd1 f6 12. Bxe6 dxe6 13. Rxd8+ Rxd8 14. Be3
Nc4 15. b3 Nxe3 16. Qxe3 Nc8 17. e5 f5 18. Ng5 h6 19. Nxe6 Rd7 20. Rd1 Bb4 21.
Rxd7 Kxd7 22. Nxg7 Bxc3 23. e6+ Kc7 24. Qxc3+ Kb8 25. Qe5+ Ka8 26. e7 Nxe7 27.
Qxe7 Rc8 28. h3 Rc1+ 29. Kh2 Rc2 30. Nxf5 Rxf2 31. Qe8+ 1-0

[Event "ODJM A 2019"]
[Site "Willingen GER"]
[Date "2019.06.14"]
[Round "8"]
[White "Meiwes, Thore"]
[Black "Askerov, Imamali"]
[Result "0-1"]
[Termination "normal"]
[Board "24"]
[WhiteElo "1933"]
[BlackElo "1986"]
[PlyCount "118"]
[WhiteFideId "16201256"]
[BlackFideId "12974498"]
[EventCountry "GER"]
[EventRounds "9"]
[EventType "swiss"]
[EventDate "2019.06.08"]

1. d4 Nf6 2. c4 e6 3. Nf3 b6 4. g3 Bb7 5. Bg2 d5 6. cxd5 exd5 7. O-O Bd6 8. Nc3
a6 9. Bf4 Bxf4 10. gxf4 Ne4 11. Ne5 O-O 12. Qd3 f6 13. Nf3 Nd7 14. Rfd1 Qe7 15.
e3 Rad8 16. Rac1 Rfe8 17. Qb1 Nf8 18. Rc2 Qe6 19. Ne1 Re7 20. Nxe4 dxe4 21.
Rdc1 Rdd7 22. b4 Bd5 23. Qb2 Ng6 24. a4 Nh4 25. Rb1 Qg4 26. h3 Qh5 27. Qc1 f5
28. Rc3 Nxg2 29. Kxg2 b5 30. axb5 axb5 31. Qd1 Qh4 32. Kh2 Qxf2+ 33. Ng2 Re6
34. Qf1 Qxf1 35. Rxf1 Ra6 36. Rb1 c6 37. Rb2 Ra1 38. Kg3 Kf7 39. Kf2 Rda7 40.
Ne1 R1a2 41. Rxa2 Rxa2+ 42. Rc2 Ra1 43. Rb2 Bc4 44. Ng2 Rf1+ 45. Kg3 Ke6 46.
Kh2 Ra1 47. h4 h5 48. Kg3 Kd5 49. Kf2 Ra2 50. Rxa2 Bxa2 51. Ke2 Kc4 52. Kd2 Bb3
53. Ne1 Kxb4 54. Ng2 Kc4 55. Ne1 b4 56. Ng2 Ba4 57. Ne1 b3 58. Kc1 Kc3 59. Nc2
b2+ 0-1

[Event "ODJM A 2019"]
[Site "Willingen GER"]
[Date "2019.06.14"]
[Round "8"]
[White "Muckle, Richard"]
[Black "Behringer, Tom"]
[Result "0-1"]
[Termination "normal"]
[Board "25"]
[WhiteElo "2057"]
[BlackElo "1766"]
[PlyCount "118"]
[WhiteFideId "12942553"]
[BlackFideId "16203496"]
[EventCountry "GER"]
[EventRounds "9"]
[EventType "swiss"]
[EventDate "2019.06.08"]

1. d4 c5 2. c3 Nf6 3. g3 d5 4. Nf3 Nc6 5. Bg2 Bf5 6. O-O e6 7. Re1 Bd6 8. Bg5
h6 9. Bxf6 Qxf6 10. e3 O-O 11. Nbd2 Rfd8 12. dxc5 Bxc5 13. Nb3 Bb6 14. Nfd4 Bg6
15. Rc1 Ne5 16. Bf1 Nc4 17. Bxc4 dxc4 18. Nd2 e5 19. Nb5 Qf5 20. Qe2 Qd7 21.
Nd4 exd4 22. exd4 Bd3 23. Qf3 Re8 24. b3 Rxe1+ 25. Rxe1 Re8 26. Re3 Rxe3 27.
fxe3 cxb3 28. axb3 Qc6 29. Qxc6 bxc6 30. Kf2 f5 31. Nf3 Be4 32. Ne5 Bc7 33. Nc4
Kf7 34. b4 Ke6 35. Ke2 g5 36. Nd2 h5 37. Kf2 a5 38. Nb3 axb4 39. Nc5+ Kd5 40.
cxb4 Bd6 41. Nd7 Ke6 42. Nb6 Bxb4 43. Nc4 Bd6 44. Nb2 Bc2 45. Nc4 Bb3 46. Nd2
Bd5 47. h4 g4 48. Nf1 Bb4 49. Nh2 Be4 50. Ke2 Kd5 51. Nf1 Kc4 52. Nh2 Kc3 53.
Kf2 Kd2 54. Nf1+ Kd1 55. d5 Bxd5 56. Kg1 Be4 57. Kf2 Be1+ 58. Kg1 c5 59. Kh2 c4
0-1

[Event "ODJM A 2019"]
[Site "Willingen GER"]
[Date "2019.06.14"]
[Round "8"]
[White "Kracht, Raphael"]
[Black "Bender, Felix"]
[Result "1-0"]
[Termination "normal"]
[Board "26"]
[WhiteElo "1976"]
[BlackElo "1678"]
[PlyCount "67"]
[WhiteFideId "16214382"]
[BlackFideId "16215656"]
[EventCountry "GER"]
[EventRounds "9"]
[EventType "swiss"]
[EventDate "2019.06.08"]

1. e4 e5 2. Nf3 Nc6 3. Bb5 a6 4. Bxc6 dxc6 5. Nc3 Bd6 6. d4 exd4 7. Qxd4 f6 8.
Ne2 Qe7 9. Be3 Bd7 10. O-O-O c5 11. Qc3 O-O-O 12. Rhe1 b6 13. Nf4 Kb7 14. Nd5
Qe6 15. Nd2 Ne7 16. Qb3 a5 17. a4 Nxd5 18. exd5 Qg4 19. Nc4 Ra8 20. f3 Qf5 21.
Bd2 Bf4 22. g4 Bxd2+ 23. Rxd2 Qf4 24. Re4 Qh6 25. d6 f5 26. Re7 Rhe8 27. Kb1
Rxe7 28. dxe7 Bc6 29. Rd6 Qxh2 30. Rxc6 Kxc6 31. Qb5+ Kd5 32. Qd7+ Kxc4 33.
Qd3+ Kb4 34. Qb3# 1-0

[Event "ODJM A 2019"]
[Site "Willingen GER"]
[Date "2019.06.14"]
[Round "8"]
[White "Stemmler, Fabian"]
[Black "Reinecke, Katharina"]
[Result "0-1"]
[Termination "normal"]
[Board "27"]
[WhiteElo "2002"]
[BlackElo "1846"]
[PlyCount "48"]
[WhiteFideId "12964808"]
[BlackFideId "12929727"]
[EventCountry "GER"]
[EventRounds "9"]
[EventType "swiss"]
[EventDate "2019.06.08"]

1. d4 d5 2. c4 c6 3. Nc3 e6 4. e3 Nf6 5. Nf3 Bd6 6. Bd3 dxc4 7. Bxc4 b5 8. Bd3
O-O 9. O-O Nbd7 10. e4 e5 11. Bg5 a6 12. Kh1 exd4 13. Nxd4 Ne5 14. Bc2 c5 15.
Nde2 Be7 16. Qb1 g6 17. Qc1 b4 18. Rd1 Qc7 19. Bxf6 Ng4 20. g3 bxc3 21. Bxe7
Nxf2+ 22. Kg2 Nxd1 23. Bxf8 cxb2 24. Qh6 bxa1=Q 0-1